000 00965nam a22002057a 4500
005 20251119131929.0
008 230829b ||||| |||| 00| 0 eng d
082 _aDPer 370.15 J826 October-November 2020 v. 112 n. 7-8
100 _aMartella, Amedee Marchand.
_eauthor.
_948843
245 _aThe relative effectiveness of different active learning implementations in teaching elementary school students how to design simple experiments /
_cAmedee Marchand Martella, David Klahr, and Weiling Li
260 _aWashington ;
_bAmerican Psychological Association,
_cNovember 2020.
300 _avolume 112, pages 1582-1596,
_billustration.
500 _aJournal of Educational Psychology, v. 112 n. 8, pages 1582-1596, November 2020.
650 _aEducation.
_948844
650 _aTeaching.
_948845
700 _aMartella, Amedee Marchand.
_eauthor.
_948843
700 _aKlahr, David.
_eauthor.
_948846
700 _aLi, Weiling.
_eauthor.
_948847
942 _2ddc
_cPER
999 _c18160
_d18160